Ľudský potenciál na mestskom úrade
Ľudský potenciál - pojem. Ľudia ako nástroj marketingového mixu na mestskom úrade. Výsledky empirického výskumu zameraného na ľudský činiteľ medzi prednostami mestských úradov. Názory obyvateľov na spokojnosť a dôležitosť ľudského faktora.
Guardado en:
| Autor principal: | |
|---|---|
| Formato: | Capítulo de libro |
| Lenguaje: | eslovaco |
| Materias: | |
| Etiquetas: |
Sin Etiquetas, Sea el primero en etiquetar este registro!
|
MARC
| LEADER | 00000naa$a2200000$$$4500 | ||
|---|---|---|---|
| 001 | 0168482 | ||
| 005 | 20221020084625.3 | ||
| 041 | 0 | |a slo | |
| 044 | |a SK | ||
| 245 | 1 | 0 | |a Ľudský potenciál na mestskom úrade |c Alica Božíková |
| 520 | |a Ľudský potenciál - pojem. Ľudia ako nástroj marketingového mixu na mestskom úrade. Výsledky empirického výskumu zameraného na ľudský činiteľ medzi prednostami mestských úradov. Názory obyvateľov na spokojnosť a dôležitosť ľudského faktora. | ||
| 610 | 2 | 0 | |a mestá |
| 610 | 2 | 0 | |a samospráva miestna |
| 610 | 2 | 0 | |a úrady |
| 610 | 2 | 0 | |a zamestnanci |
| 610 | 2 | 0 | |a potenciál ľudský |
| 610 | 2 | 0 | |a služby verejné |
| 610 | 2 | 0 | |a Slovensko |
| 100 | 1 | |a Božíková, Alica | |